| 000 | 00434nam a2200121Ia 4500 | ||
|---|---|---|---|
| 008 | 220216s9999 xx 000 0 und d | ||
| 100 | _aBhg Y | ||
| 245 | 4 | _aThe Changing scenario of rubber smallholders | |
| 260 | _bThe Progress and Development of Rubber Small Holders: Proceedings of the Ninth Seminar, 9-11 November 2005, Cochin, India. pp. 25-33. | ||
| 650 | _aRubber smallholders | ||
| 700 | _aLunjew Michael Dosim | ||
| 942 | _cJS | ||
| 999 |
_c70501 _d70501 |
||